000 00293nam a2200121 a 4500
005 20140414132119.0
008 111122s19uu xx 00 eng d
050 _aM 551.46
_bW46 1995
100 _aWells, Susan
245 _aOceans of the world.
250 _aHorus editions
999 _c115004
_d115004